[Event "Capablanca Memorial Classic"]
[Site "Edmonton "]
[Date "2007.03.01"]
[Round "1"]
[White "Rekhson, Vladislav"]
[Black "Ostapchuk, David"]
[Result "1-0"]
[WhiteElo "2159"]
[BlackElo "1781"]
[PlyCount "23"]
[EventDate "2007.03.01"]
[EventType "swiss"]
[EventRounds "5"]
[EventCountry "CAN"]
[SourceTitle "EXT 2008"]
[Source "ChessBase"]
[SourceDate "2007.11.25"]
[SourceVersion "1"]
[SourceVersionDate "2007.11.25"]
[SourceQuality "1"]

1. e4 d6 2. d4 f5 3. Nc3 Nf6 4. Bd3 fxe4 5. Nxe4 Bg4 6. Nxf6+ exf6 7. Qxg4 d5 8. Bxh7 Bb4+ 9. c3 Qe7+ 10. Be3 Bd6 11. Qc8+ Qd8 12. Bg6+ 1-0

[Event "Edmonton CC-ch reserves"]
[Site "Edmonton "]
[Date "2007.02.01"]
[Round "5"]
[White "Ostapchuk, David"]
[Black "Sekuloff, Mike"]
[Result "1/2-1/2"]
[WhiteElo "1818"]
[BlackElo "1669"]
[PlyCount "79"]
[EventDate "2007.01.01"]
[EventType "tourn"]
[EventRounds "6"]
[EventCountry "CAN"]
[SourceTitle "EXT 2008"]
[Source "ChessBase"]
[SourceDate "2007.11.25"]
[SourceVersion "1"]
[SourceVersionDate "2007.11.25"]
[SourceQuality "1"]

1. e4 e6 2. d4 d5 3. e5 c5 4. c3 cxd4 5. cxd4 Nc6 6. Nf3 Bb4+ 7. Bd2 Nge7 8. Bd3 Bxd2+ 9. Qxd2 0-0 10. 0-0 Ng6 11. Nc3 Bd7 12. Ne2 Qe7 13. a3 f6 14. Bxg6 hxg6 15. exf6 gxf6 16. Rac1 Rf7 17. Qh6 Qf8 18. Qxg6+ Rg7 19. Qh5 Rh7 20. Qg4+ Kh8 21. Nf4 Be8 22. Nxe6 Qd6 23. h3 Bd7 24. Rfe1 Rg8 25. Qf4 Qxf4 26. Nxf4 Bxh3 27. g3 Bg4 28. Nh2 Nxd4 29. Nxg4 Nf3+ 30. Kg2 Nxe1+ 31. Rxe1 Rxg4 32. Nxd5 Rf7 33. Re6 Kg7 34. Nf4 Rg5 35. Re8 Re5 36. Ne6+ Kh6 37. Kf3 Rd7 38. Rh8+ Rh7 39. Re8 Rd7 40. Rh8+ 1/2-1/2